| 000 | 004120000a22001690004500 | ||
|---|---|---|---|
| 020 | _a958-30-1879-1 | ||
| 082 | 0 | 4 | _aB P659c |
| 110 | 1 | _aMarket Pioneer | |
| 245 | 1 | 0 | _aCenicienta / Market Pioneer |
| 260 | _aBogotá : Panamericana | ||
| 300 | _a[10 P.] | ||
| 440 | 0 | _aCol. \ Mis libros puzle | |
| 500 | _atexto de pasta dura con rompecabezas | ||
| 650 | 1 | 4 | _aLiteratura Infantil |
| 001 | 275 | ||
| 942 | _cLGB | ||
| 999 |
_c47521 _d47521 |
||